000 01058nam a22002895a 4500
005 20081017051548.0
008 081017s2008 ii 000 0 eng
010 _aENG-91560
020 _a9780195696972
_c650.00
020 _a0195696972
035 _aEN-75093
037 _bDBAD / PUB
040 _adpl
_bEnglish
082 _a333.7
245 _aDeliberative ecological economics /
_cedited by Christos Zografos (and) Richard B. Howarth.
260 _aNew Delhi :
_bOxford University Press,
_c2008.
300 _axii, 271 p.
_c23cm (Hb)
500 _aIncludes index
650 _aEconomic development
_xEnvironmental aspects
650 _aEnvironmental policy
650 _aNatural resources
650 _aNature
_xEffects of human beings on.
700 _aZografos, Christos
700 _aHowarth, Richard B.
942 _2ddc
_cEN
_mDEL
_h333.7
999 _c18148
_d18148